Southville International School and Colleges
Your cart is empty.
  • Cart
  • Lists
    Public lists Eva Luna New books Lux_list list_1
    Your lists Log in to create your own lists
  • Log in to your account
  • Your cookies
  • Search history
Southville International School and Colleges
  • Advanced search
  • Recent comments
  • Most popular
  • Libraries

Log in to your account

Log in with GOOGLE


If you do not have an external account, but do have a local account, you can still log in:

  1. Home
  2. MARC view: The Magic school bus gets ants in its pants :
Normal view MARC view ISBD view

The Magic school bus gets ants in its pants : (Record no. 306223)

[ view plain ]
MARC details
000 -LEADER
fixed length control field 00635nam a2200229Ia 4500
008 - FIXED-LENGTH DATA ELEMENTS--GENERAL INFORMATION
fixed length control field 170203s9999 xx 000 0 und d
020 ## - INTERNATIONAL STANDARD BOOK NUMBER
International Standard Book Number 0-59040024x
050 ## - LIBRARY OF CONGRESS CALL NUMBER
Classification number Fic
050 ## - LIBRARY OF CONGRESS CALL NUMBER
Item number .C689m 1996
100 ## - MAIN ENTRY--PERSONAL NAME
Personal name Cole, Joanna
245 #4 - TITLE STATEMENT
Title The Magic school bus gets ants in its pants :
245 ## - TITLE STATEMENT
Remainder of title a book about ants /
245 ## - TITLE STATEMENT
Statement of responsibility, etc TV tie-in book adaptation by Linda Ward Beech and illustrated by John Speirs
260 ## - PUBLICATION, DISTRIBUTION, ETC. (IMPRINT)
Place of publication, distribution, etc New York :
260 ## - PUBLICATION, DISTRIBUTION, ETC. (IMPRINT)
Name of publisher, distributor, etc Scholastic Inc.
260 ## - PUBLICATION, DISTRIBUTION, ETC. (IMPRINT)
Date of publication, distribution, etc 1996
300 ## - PHYSICAL DESCRIPTION
Other physical details col. ill. ;
300 ## - PHYSICAL DESCRIPTION
Dimensions 21 cm.
440 ## - SERIES STATEMENT/ADDED ENTRY--TITLE
Title Magic School Bus.
650 ## - SUBJECT ADDED ENTRY--TOPICAL TERM
Topical term or geographic name as entry element Ants --
650 ## - SUBJECT ADDED ENTRY--TOPICAL TERM
General subdivision Juvenile literature.

No items available.

The Magic school bus gets ants in its pants :

APA

Cole J., .The Magic school bus gets ants in its pants. New York: .

Chicago

Cole Joanna, .The Magic school bus gets ants in its pants. New York: .

Harvard

Cole J., .The Magic school bus gets ants in its pants. New York: .

MLA

Cole Joanna, .New York: . .

  • Print
  • Cite
  • Add to your cart (remove)
  • Save record
    BIBTEX Dublin Core MARCXML MARC (non-Unicode/MARC-8) MARC (Unicode/UTF-8) MARC (Unicode/UTF-8, Standard) MODS (XML) RIS
  • More searches
    Search for this title in:
    Other Libraries (WorldCat) Other Databases (Google Scholar) Online Stores (Bookfinder.com) Open Library (openlibrary.org)

Exporting to Dublin Core...

SOUTHVILLE LIBRARY

Southville International School and Colleges Library

1281 Tropical Ave. Cor. Luxembourg St., BF Homes International, Las Pinas City

Tel. No. 8256374 / 252358 Loc. 117/146

Powered by Koha